Đang tải...
Pollination biology of selected taxa of lthe tribe commelineae (Commelinaceae)
| Tác giả chính: | |
|---|---|
| Định dạng: | Ph.D Thesis |
| Được phát hành: |
University of Calicut
2020
|
| LEADER | 00321 a2200085 4500 | ||
|---|---|---|---|
| 100 | |a Veena, V | ||
| 245 | |a Pollination biology of selected taxa of lthe tribe commelineae (Commelinaceae) | ||
| 260 | |b University of Calicut |c 2020 | ||
| 999 | |c 357719 |d 357719 | ||
| 952 | |0 0 |1 0 |4 0 |7 0 |9 414871 |a UL |b UL |c PROC |d 2021-03-14 |l 0 |p NB7552 |r 2021-03-14 |w 2021-03-14 |y TH | ||